| 000 | 01078cam a22001934a 4500 | ||
|---|---|---|---|
| 005 | 20250605163951.0 | ||
| 008 | 250528s ||||||||||||||||||||||||d | ||
| 035 | _a15393 | ||
| 020 | _a750609257 | ||
| 040 |
_aGR-AtMCL _bgre _dGR-AtMCL _eAACR2 |
||
| 245 | 1 | _aTeam Roles at Work | |
| 260 |
_bButterworth Heinemann, _c1993 |
||
| 300 | _a152 | ||
| 520 | _aThis book will be essential reading to all of those who work in management education, including industrial trainers, and to active practitioners. Preface, A Short History of Roles at Work, The Qualifications Mystery, Emergence of a Team-Role Language, The Eligibility Versus Suitability Issue, Coherent and Incoherent Role Profiles, Interpersonal Chemistry in the Workplace, The Management of Strained Relations, A Strategy for Self-Management, The Art of Building a Team, Solo Leader Versus Team Leader, The Management of Succession, The Future Shape of Organization, Appendix: Establishing the Team-Role Demands of Jobs, Index. | ||
| 700 | 1 |
_aBelbin Meredith _91305 |
|
| 942 | _cBK | ||
| 999 |
_c977 _d977 |
||